00530 a2200193 4500003000900000005001700009008004100026020002200067040001200089080001800101100002300119245005700142250001200199260004800211300001500259650001900274650002100293650002200314IN-BaIIA20260701153217.0260701b |||||||| |||| 00| 0 eng d a978-1-108-42050-1 cIIA LIB a523.4-52bARM aArmitage, Philip J aAstrophysics of planet formationcPhilip J. Armitage a2nd ed. aCambridgebCambridge University Pressc2020 axii, 332p. aPlanets-Origin aPlanet formation aPlanetary systems